000 00881nam a22002657a 4500
005 20170123162346.0
010 _aA-842727
020 _c115.00
035 _aA-842727
037 _bCen Lib/Ret
040 _aDPL
_bUR
082 _a840.4
_bز ی د
100 _aزیادی، زاہدہ
_9131741
245 _aرموز و فکر و فن :
_cزاہدہ زیدی
_bتنقیدی مضامین /
246 _aRumooz-e-fikr-o-fan
_bby Zahida Zaidi
260 _aعلیگڑھ
_bآبشار پبلیکیشنز
_c1993
270 _aسر سید نگر
_bعلیگڑھ
300 _a295p.
_c21cm(Hb)
500 _aکتابیات
650 _aادب -- اردو
_9131742
650 _a اردو تنقیدی مضامین
_9114356
650 _aUrdu literature
_9131743
650 _aUrdu critical articles
_9114358
942 _2ddc
_cUR
_h840.4
_mز ی د
999 _c108890
_d108890